书目信息 |
| 题名: |
王蒙旧体诗传
|
|
| 作者: | 丁玉柱 著 | |
| 分册: | ||
| 出版信息: | 青岛 中国海洋大学出版社 2006.12 |
|
| 页数: | 899页 | |
| 开本: | 21cm | |
| 丛书名: | ||
| 单 册: | ||
| 中图分类: | I207.22 | |
| 科图分类: | ||
| 主题词: | ||
| 电子资源: | ||
| ISBN: | 7-81067-780-2 | |
| 000 | 00759nam0 2200241 450 | |
| 001 | 012008819112 | |
| 005 | 20080602085127.75 | |
| 010 | @a7-81067-780-2@dCNY42.00 | |
| 100 | @a20080602d2006 em y0chiy0120 ea | |
| 101 | 0 | @achi |
| 102 | @aCN@b370000 | |
| 105 | @ac a 000yy | |
| 106 | @ar | |
| 200 | 1 | @a王蒙旧体诗传@Awang meng jiu ti shi chuan@f丁玉柱著@Fding yu zhu zhu |
| 210 | @a青岛@c中国海洋大学出版社@d2006.12 | |
| 215 | @a899页@c肖像@d21cm | |
| 320 | @a有书目 | |
| 330 | @a本书以注解的形式全面阐释了当代作家王蒙的旧体诗作,内容丰富,兼具文学性、史料性与工具性。 | |
| 600 | 0 | @a王蒙@Awang meng@x格律诗@x文学研究 |
| 690 | @aI207.22@v4 | |
| 701 | 0 | @a丁玉柱@Ading yu zhu@4著 |
| 801 | 0 | @aCN@bQSSK@c20080602 |
| 905 | @b722763-65@dI207.22@eD599@f3 | |
| 王蒙旧体诗传/丁玉柱著.-青岛:中国海洋大学出版社,2006.12 |
| 899页:肖像;21cm |
| ISBN 7-81067-780-2:CNY42.00 |
| 本书以注解的形式全面阐释了当代作家王蒙的旧体诗作,内容丰富,兼具文学性、史料性与工具性。 |
| ● |
| 相关链接 |
|
|
|
正题名:王蒙旧体诗传
索取号:I207.22/D599
 
预约/预借
| 序号 | 登录号 | 条形码 | 馆藏地/架位号 | 状态 | 备注 |
| 1 | 722763 | 207227632 | 文学库108/108文学库 7排3列3层/ [索取号:I207.22/D599] | 在馆 | |
| 2 | 722764 | 207227641 | 文学库108/108文学库 7排3列3层/ [索取号:I207.22/D599] | 在馆 | |
| 3 | 722765 | 207227650 | 文学库108/108文学库 7排3列3层/ [索取号:I207.22/D599] | 在馆 |